| 000 | 00895nam a22002057a 4500 | ||
|---|---|---|---|
| 008 | 110518s2010 ku|||||r|||| 000 0 ara d | ||
| 020 | _a9789990698633 | ||
| 082 |
_222 _a158.1 _bف ق ي |
||
| 100 |
_923913 _aالفقي، إبراهيم |
||
| 245 |
_aأسرار القوة الذاتية : _b7 أسرار خاصة جدا لبناء قوتك الشخصية / _cترجمة وتعريب ميسونعبد الرحمن النحلاوي،نعمت صناديقي؛ إبراهيم الفقي |
||
| 260 |
_aالكويت : _bالإبداع الفكري، 2010 _c2010 |
||
| 300 |
_a266 ص : _bصور لو ؛ _c23سم |
||
| 650 |
_9297 _aالشخصية |
||
| 650 |
_923914 _aالأسرار |
||
| 650 |
_923916 _aالنجاح الشخصي |
||
| 653 |
_bGeneral _cMay2011 |
||
| 700 |
_923929 _aصناديقي، نعمت |
||
| 700 |
_923930 _aالنحلاوي، ميسون عبد الرحمن |
||
| 942 |
_2ddc _cBB |
||
| 999 |
_c15316 _d15316 |
||